| 000 | 00322nam a22001217a 4500 | ||
|---|---|---|---|
| 082 |
_a297.61 _bIQB |
||
| 100 |
_a اقبال _951279 |
||
| 245 | _aکلیات اقبال | ||
| 260 |
_aRawalpindi, _bArmy education press, _c1972. |
||
| 300 | _adifferent pages, | ||
| 526 |
_a0 _b0 _c0 _d297_610000000000000_IQB |
||
| 942 |
_2ddc _cBK |
||
| 999 |
_c554004 _d554004 |
||